[Event "CYCC U14"]
[Site "Sault Ste Marie CAN"]
[Date "2017.07.09"]
[Round "6.39"]
[White "Eckert, Ethan"]
[Black "Cyrenne, Cole"]
[Result "1-0"]
[WhiteElo "1239"]
[BlackElo "993"]
[WhiteFideId "-1"]
[WhiteFideId "-1"]
[PlyCount "67"]
[GameId "2160767908410574"]
[EventDate "2017.07.06"]
[EventType "swiss"]
[EventRounds "7"]
[EventCountry "CAN"]
[SourceTitle "hb 2017"]

1. e4 c5 2. Nf3 d6 3. d4 cxd4 4. Nxd4 Nf6 5. Nc3 g6 6. f3 Bg7 7. Be3 a6 8. Qd2 O-O 9. O-O-O b5 10. Bh6 e5 11. Bxg7 Kxg7 12. Nb3 Ne8 13. h4 h5 14. Be2 f5 15. exf5 Bxf5 16. g4 Be6 17. gxh5 Rh8 18. Rdg1 Bf7 19. hxg6 Bxg6 20. h5 Rh6 21. Bd3 Kf8 22. Qxh6+ Ng7 23. Qh8+ Ke7 24. Qxg7+ Bf7 25. Qg5+ Kd7 26. Qxd8+ Kxd8 27. h6 Nc6 28. Rg7 Be6 29. h7 Bd7 30. h8=Q+ Be8 31. Bg6 Ne7 32. Qxe8+ Kc7 33. Rxe7+ Kb6 34. Nd5# 1-0

[Event "CYCC U14"]
[Site "Sault Ste Marie CAN"]
[Date "2017.07.09"]
[Round "6.40"]
[White "Dornieden, Jonas"]
[Black "Yang, Brett"]
[Result "1/2-1/2"]
[WhiteElo "1729"]
[BlackElo "1247"]
[WhiteFideId "-1"]
[WhiteFideId "-1"]
[PlyCount "72"]
[GameId "2160767908410575"]
[EventDate "2017.07.06"]
[EventType "swiss"]
[EventRounds "7"]
[EventCountry "CAN"]
[SourceTitle "hb 2017"]

1. e4 e5 2. Nf3 Nc6 3. Bc4 Bc5 4. O-O d6 5. c3 Qe7 6. Re1 h6 7. d4 Bb6 8. Be3 Nf6 9. d5 Na5 10. Bd3 Bxe3 11. Rxe3 b6 12. Bb5+ Bd7 13. Qa4 Bxb5 14. Qxb5+ Qd7 15. Na3 O-O 16. Qxd7 Nxd7 17. b4 Nb7 18. Nb5 Rfc8 19. Kf1 c6 20. dxc6 Rxc6 21. Ke2 a6 22. Na3 Nf6 23. h3 b5 24. Rc1 Rb6 25. Nd2 Rc8 26. Nab1 a5 27. Nb3 axb4 28. cxb4 Rxc1 29. Nxc1 Rc6 30. Rc3 Nd8 31. Kd3 d5 32. f3 Rc4 33. exd5 Rxb4 34. Nb3 Nxd5 35. Rc5 Nf4+ 36. Kc3 Ra4 1/2-1/2

[Event "CYCC U14"]
[Site "Sault Ste Marie CAN"]
[Date "2017.07.09"]
[Round "6.41"]
[White "Zhang, Kevin3"]
[Black "Shinn, Jungmin"]
[Result "1-0"]
[WhiteElo "1205"]
[BlackElo "1079"]
[WhiteFideId "-1"]
[WhiteFideId "-1"]
[PlyCount "37"]
[GameId "2160767908410576"]
[EventDate "2017.07.06"]
[EventType "swiss"]
[EventRounds "7"]
[EventCountry "CAN"]
[SourceTitle "EXT 2022"]
[Source "ChessBase"]
[SourceDate "2021.10.06"]
[SourceVersion "1"]
[SourceVersionDate "2021.10.06"]
[SourceQuality "1"]

1. e4 c5 2. Nf3 d6 3. d4 cxd4 4. Nxd4 Nf6 5. Nc3 a6 6. Bc4 e6 7. O-O b5 8. Bd3 Bb7 9. Re1 Be7 10. e5 dxe5 11. Rxe5 Qxd4 12. Bxb5+ axb5 13. Qxd4 Nc6 14. Qb6 Nxe5 15. Qxb7 Rd8 16. Bf4 Ng6 17. Bg3 O-O 18. Nxb5 Rb8 19. Bxb8 1-0

[Event "CYCC U14"]
[Site "Sault Ste Marie CAN"]
[Date "2017.07.09"]
[Round "6.43"]
[White "Cloutier, Simon"]
[Black "Huang, Jingran"]
[Result "1/2-1/2"]
[WhiteElo "1163"]
[BlackElo "1015"]
[WhiteFideId "-1"]
[WhiteFideId "-1"]
[PlyCount "99"]
[GameId "2160767908410578"]
[EventDate "2017.07.06"]
[EventType "swiss"]
[EventRounds "7"]
[EventCountry "CAN"]
[SourceTitle "EXT 2022"]
[Source "ChessBase"]
[SourceDate "2021.10.06"]
[SourceVersion "1"]
[SourceVersionDate "2021.10.06"]
[SourceQuality "1"]

1. e4 c5 2. Nf3 d6 3. Bc4 Nf6 4. Nc3 Nc6 5. h3 Bd7 6. O-O g6 7. a3 Bg7 8. d3 O-O 9. Be3 Qc7 10. Qd2 Rfd8 11. Rfe1 e5 12. Bg5 Re8 13. Bxf6 Bxf6 14. Nd5 Qd8 15. c3 Bg7 16. Re2 Ne7 17. Nxe7+ Qxe7 18. Bd5 Bc6 19. Bxc6 bxc6 20. c4 Qc7 21. b4 cxb4 22. axb4 Reb8 23. Rc1 Qb6 24. b5 cxb5 25. cxb5 Qxb5 26. Rc7 Rc8 27. Qc2 Rxc7 28. Qxc7 Qb6 29. Rc2 Qxc7 30. Rxc7 a5 31. Rc3 d5 32. Ra3 Bf8 33. Ra4 dxe4 34. dxe4 f6 35. Kf1 Bb4 36. Ke2 Rd8 37. Ra2 Kg7 38. Nd2 Rxd2+ 39. Rxd2 Bxd2 40. Kxd2 Kh6 41. Kc2 Kg5 42. g3 h5 43. Kb3 h4 44. Ka4 hxg3 45. fxg3 f5 46. Kxa5 fxe4 47. Kb4 e3 48. Kc3 e4 49. Kc2 Kf5 50. Kd1 1/2-1/2

[Event "CYCC U14"]
[Site "Sault Ste Marie CAN"]
[Date "2017.07.09"]
[Round "6.44"]
[White "Laird, Alexander"]
[Black "Renard, Christopher"]
[Result "0-1"]
[WhiteElo "1101"]
[BlackElo "908"]
[WhiteFideId "-1"]
[WhiteFideId "-1"]
[PlyCount "82"]
[GameId "2160767908410580"]
[EventDate "2017.07.06"]
[EventType "swiss"]
[EventRounds "7"]
[EventCountry "CAN"]
[SourceTitle "hb 2017"]

1. d4 e6 2. e4 b6 3. Nf3 Bb7 4. e5 d6 5. Bf4 dxe5 6. Nxe5 f6 7. Nf3 Bd6 8. Bxd6 Qxd6 9. Bc4 Ba6 10. Nbd2 Nc6 11. Bxa6 Nxd4 12. Nxd4 Qxd4 13. Bb5+ Kf7 14. c3 Qd5 15. Bc4 Qxg2 16. Rf1 Nh6 17. Qe2 Rhe8 18. O-O-O Qxh2 19. Rde1 Qd6 20. Qh5+ Kf8 21. Re2 c6 22. Rfe1 e5 23. f4 Rad8 24. fxe5 fxe5 25. Qh4 b5 26. Rf1+ Nf7 27. Bxf7 Re7 28. Bh5+ Kg8 29. Rh1 g6 30. Bxg6 hxg6 31. Qh8+ Kf7 32. Qh2 Qd7 33. Rf1+ Kg7 34. Rff2 a5 35. Rxe5 b4 36. Rxa5 bxc3 37. bxc3 Qe6 38. Qg1 Rd3 39. Kc2 Red7 40. Rg5 Qxa2+ 41. Kd1 Rxd2+ 0-1

[Event "CYCC U14"]
[Site "Sault Ste Marie CAN"]
[Date "2017.07.09"]
[Round "6.45"]
[White "Grant, Nicholas"]
[Black "Xie, Daniel"]
[Result "0-1"]
[WhiteElo "550"]
[BlackElo "1102"]
[WhiteFideId "-1"]
[WhiteFideId "-1"]
[PlyCount "68"]
[GameId "2160767908410581"]
[EventDate "2017.07.06"]
[EventType "swiss"]
[EventRounds "7"]
[EventCountry "CAN"]
[SourceTitle "hb 2017"]

1. e4 c5 2. Nf3 Nc6 3. Bc4 e6 4. Nc3 a6 5. d3 Qc7 6. Be3 Nf6 7. d4 cxd4 8. Nxd4 Nxd4 9. Qxd4 Bc5 10. Qd3 Bxe3 11. fxe3 O-O 12. Qd4 d6 13. b3 b5 14. Be2 Bb7 15. Bf3 Rac8 16. Qd3 Qxc3+ 17. Qxc3 Rxc3 18. O-O-O Bxe4 19. Rd4 d5 20. Bxe4 Nxe4 21. Rd3 Rc6 22. Kb2 Nf2 23. Rhd1 Nxd1+ 24. Rxd1 Rfc8 25. c4 bxc4 26. b4 c3+ 27. Kc2 Rb8 28. a4 Rxb4 29. Ra1 Rb2+ 30. Kc1 Kf8 31. Kd1 e5 32. Ke1 c2 33. Kd2 c1=Q+ 34. Kd3 Qc3# 0-1

[Event "CYCC U14"]
[Site "Sault Ste Marie CAN"]
[Date "2017.07.09"]
[Round "6.47"]
[White "Eirew, Milo"]
[Black "Patel, Ayush"]
[Result "1-0"]
[WhiteElo "996"]
[BlackElo "1135"]
[WhiteFideId "-1"]
[WhiteFideId "-1"]
[PlyCount "45"]
[GameId "2160767908410583"]
[EventDate "2017.07.06"]
[EventType "swiss"]
[EventRounds "7"]
[EventCountry "CAN"]
[SourceTitle "EXT 2022"]
[Source "ChessBase"]
[SourceDate "2021.10.06"]
[SourceVersion "1"]
[SourceVersionDate "2021.10.06"]
[SourceQuality "1"]

1. e4 e5 2. Nf3 Nc6 3. Nc3 Bc5 4. Bc4 Nf6 5. d3 Ng4 6. O-O b6 7. Ng5 Nh6 8. Qh5 O-O 9. Nf3 d6 10. Bxh6 gxh6 11. Qxh6 Be6 12. Ng5 Qxg5 13. Qxg5+ Kh8 14. Bxe6 fxe6 15. Nb5 Rg8 16. Qf6+ Rg7 17. Qxe6 Rag8 18. Qf6 Rf8 19. Qxf8+ Rg8 20. Qf6+ Rg7 21. Nxc7 Ne7 22. Ne8 Ng8 23. Qxg7# 1-0

[Event "CYCC U14"]
[Site "Sault Ste Marie CAN"]
[Date "2017.07.10"]
[Round "7.29"]
[White "Liao, Joseph"]
[Black "Zhang, Kevin3"]
[Result "1-0"]
[WhiteElo "1674"]
[BlackElo "1205"]
[WhiteFideId "-1"]
[WhiteFideId "-1"]
[PlyCount "98"]
[GameId "2160767908410585"]
[EventDate "2017.07.06"]
[EventType "swiss"]
[EventRounds "7"]
[EventCountry "CAN"]
[SourceTitle "hb 2017"]

1. e4 e5 2. Nf3 Nc6 3. Bc4 Nf6 4. d4 exd4 5. O-O Bc5 6. e5 d5 7. exf6 dxc4 8. Re1+ Be6 9. Ng5 Qxf6 10. Nxe6 fxe6 11. Qh5+ g6 12. Qxc5 O-O-O 13. Bg5 Qf7 14. Bxd8 Rxd8 15. Qxc4 Kb8 16. Qxe6 Qf4 17. Na3 a6 18. Rad1 Rf8 19. Qe2 h5 20. Qd2 Qf7 21. b3 h4 22. Qe2 g5 23. Rf1 Re8 24. Qf3 Qe7 25. Nc4 Qe6 26. Nb2 Ne5 27. Qe4 Qf6 28. Nc4 Re7 29. Nxe5 Rxe5 30. Qxd4 Qf5 31. Rde1 Rc5 32. Re8+ Ka7 33. b4 Qxc2 34. Qxc5+ Qxc5 35. bxc5 g4 36. Rg8 g3 37. fxg3 hxg3 38. Rff8 gxh2+ 39. Kxh2 b5 40. Ra8+ Kb7 41. Rgb8+ Kc6 42. Rxa6+ Kxc5 43. g4 Kc4 44. Rc6+ Kd5 45. Rxc7 Ke6 46. Rxb5 Kf6 47. Rc6+ Ke7 48. Rb7+ Kd8 49. Rh6 Ke8 1-0

[Event "CYCC U14"]
[Site "Sault Ste Marie CAN"]
[Date "2017.07.10"]
[Round "7.32"]
[White "Zhang, Henry"]
[Black "Gaisinsky, Adam"]
[Result "1/2-1/2"]
[WhiteElo "2108"]
[BlackElo "2056"]
[WhiteFideId "-1"]
[WhiteFideId "-1"]
[PlyCount "81"]
[GameId "2160767908410588"]
[EventDate "2017.07.06"]
[EventType "swiss"]
[EventRounds "7"]
[EventCountry "CAN"]
[SourceTitle "hb 2017"]

1. e4 e5 2. Nf3 Nc6 3. Bc4 Nf6 4. d3 Be7 5. O-O O-O 6. Re1 d6 7. c3 Na5 8. Bb5 a6 9. Ba4 b5 10. Bc2 c5 11. Nbd2 Nd7 12. Nf1 Nb6 13. h3 Nc6 14. Ng3 g6 15. d4 Bf6 16. d5 Ne7 17. a4 Bd7 18. a5 Nc4 19. b4 cxb4 20. cxb4 Bg7 21. Bb3 Rc8 22. Qe2 h6 23. Nd2 Nxd2 24. Bxd2 f5 25. Kh2 f4 26. Nf1 Qe8 27. g3 h5 28. Rec1 Qf7 29. Rxc8 Bxc8 30. Re1 g5 31. Bd1 g4 32. h4 Ng6 33. Kg1 Qe7 34. Qd3 Qa7 35. Kg2 fxg3 36. fxg3 Qf2+ 37. Kh1 Nxh4 38. gxh4 Qxh4+ 39. Kg1 Qf2+ 40. Kh1 Qh4+ 41. Kg1 1/2-1/2

[Event "CYCC U14"]
[Site "Sault Ste Marie CAN"]
[Date "2017.07.10"]
[Round "7.33"]
[White "Surya, Benito"]
[Black "Eckert, Ethan"]
[Result "1-0"]
[WhiteElo "1994"]
[BlackElo "1239"]
[WhiteFideId "-1"]
[WhiteFideId "-1"]
[PlyCount "125"]
[GameId "2160767908410589"]
[EventDate "2017.07.06"]
[EventType "swiss"]
[EventRounds "7"]
[EventCountry "CAN"]
[SourceTitle "hb 2017"]

1. e4 e5 2. Nf3 Nc6 3. Bb5 a6 4. Bxc6 dxc6 5. Nc3 Bd6 6. d4 Qe7 7. dxe5 Bxe5 8. Nxe5 Qxe5 9. Qf3 Qf6 10. Qxf6 Nxf6 11. Bf4 b5 12. f3 Ra7 13. O-O O-O 14. Rad1 Be6 15. Rd2 h6 16. Rfd1 Rb7 17. Rd8 a5 18. b3 Ra7 19. a4 b4 20. Ne2 h5 21. Be5 c5 22. Bxf6 gxf6 23. Nf4 Ra8 24. Rxa8 Rxa8 25. Nxe6 fxe6 26. Rd7 c6 27. Kf2 c4 28. Rc7 cxb3 29. cxb3 Rd8 30. Ke2 Rd6 31. Ra7 c5 32. Rxa5 c4 33. bxc4 Rd4 34. Rxh5 b3 35. Rb5 Rxc4 36. Rxb3 Rxa4 37. Rb7 Ra2+ 38. Kf1 f5 39. exf5 exf5 40. g3 Rxh2 41. Rb5 f4 42. g4 Rh7 43. Rf5 Rb7 44. Rxf4 Kg7 45. Re4 Rb3 46. Kf2 Kf6 47. Rf4+ Kg5 48. Rf5+ Kg6 49. Kg3 Kh6 50. Re5 Kg6 51. Ra5 Kf6 52. g5+ Kg6 53. Kg4 Rb4+ 54. f4 Rc4 55. Ra6+ Kg7 56. g6 Rc1 57. Kg5 Rg1+ 58. Kf5 Kh6 59. Re6 Rg2 60. Re7 Rxg6 61. Re6 Rxe6 62. Kxe6 Kh7 63. f5 1-0

[Event "CYCC U14"]
[Site "Sault Ste Marie CAN"]
[Date "2017.07.10"]
[Round "7.34"]
[White "Lehingrat, Callum"]
[Black "Bu, Kevin1"]
[Result "1/2-1/2"]
[WhiteElo "1794"]
[BlackElo "1981"]
[WhiteFideId "-1"]
[WhiteFideId "-1"]
[PlyCount "35"]
[GameId "2160767908410590"]
[EventDate "2017.07.06"]
[EventType "swiss"]
[EventRounds "7"]
[EventCountry "CAN"]
[SourceTitle "EXT 2022"]
[Source "ChessBase"]
[SourceDate "2021.10.06"]
[SourceVersion "1"]
[SourceVersionDate "2021.10.06"]
[SourceQuality "1"]

1. d4 d5 2. c4 e6 3. Nf3 Be7 4. g3 Nf6 5. Bg2 O-O 6. O-O Nbd7 7. Qc2 c6 8. Nbd2 b6 9. e4 dxe4 10. Nxe4 Nxe4 11. Qxe4 Bb7 12. Qe2 c5 13. Rd1 Qe8 14. b3 Bf6 15. Bb2 Rc8 16. Rd2 cxd4 17. Bxd4 Qe7 18. Rad1 1/2-1/2

[Event "CYCC U14"]
[Site "Sault Ste Marie CAN"]
[Date "2017.07.10"]
[Round "7.35"]
[White "Papneja, Arul"]
[Black "Feng, Richard"]
[Result "0-1"]
[WhiteElo "1682"]
[BlackElo "1866"]
[WhiteFideId "-1"]
[WhiteFideId "-1"]
[PlyCount "48"]
[GameId "2160767908410591"]
[EventDate "2017.07.06"]
[EventType "swiss"]
[EventRounds "7"]
[EventCountry "CAN"]
[SourceTitle "hb 2017"]

1. e4 c5 2. Ne2 Nc6 3. Nbc3 g6 4. d4 cxd4 5. Nxd4 Bg7 6. Be3 d6 7. Qd2 Nf6 8. f3 O-O 9. O-O-O d5 10. Kb1 e6 11. exd5 Nxd5 12. Nxc6 bxc6 13. Bd4 Bxd4 14. Qxd4 e5 15. Qd3 Nxc3+ 16. bxc3 Qb6+ 17. Kc1 Rb8 18. Qe4 Bf5 19. Qa4 Qe3+ 20. Rd2 Qe1+ 21. Rd1 Rb1+ 22. Kxb1 Qxd1+ 23. Kb2 Rb8+ 24. Ka3 Qc1# 0-1

[Event "CYCC U14"]
[Site "Sault Ste Marie CAN"]
[Date "2017.07.10"]
[Round "7.36"]
[White "Mirabelli, Aidan"]
[Black "Chung, Alec"]
[Result "1/2-1/2"]
[WhiteElo "1453"]
[BlackElo "1799"]
[WhiteFideId "-1"]
[WhiteFideId "-1"]
[PlyCount "163"]
[GameId "2160767908410592"]
[EventDate "2017.07.06"]
[EventType "swiss"]
[EventRounds "7"]
[EventCountry "CAN"]
[SourceTitle "EXT 2022"]
[Source "ChessBase"]
[SourceDate "2021.10.06"]
[SourceVersion "1"]
[SourceVersionDate "2021.10.06"]
[SourceQuality "1"]

1. e4 c5 2. Nf3 d6 3. d4 cxd4 4. Nxd4 Nf6 5. Nc3 a6 6. Be3 Ng4 7. Qd2 Nxe3 8. Qxe3 Nd7 9. Be2 g6 10. O-O Bg7 11. Nb3 O-O 12. a4 b6 13. Rfb1 Nc5 14. Nd2 Bb7 15. Bf3 Rc8 16. Ne2 Nd7 17. c3 Ne5 18. Nd4 d5 19. exd5 Nxf3+ 20. N2xf3 Bxd5 21. Re1 e6 22. Rad1 Qd7 23. b3 Qc7 24. c4 Bxf3 25. Nxf3 Rfd8 26. g3 Rd6 27. Rd3 Rxd3 28. Qxd3 Rd8 29. Qe3 Qd6 30. Kg2 Bd4 31. Qxd4 Qxd4 32. Nxd4 Rxd4 33. Kf3 Rd3+ 34. Re3 Rd4 35. Ke2 Kg7 36. Rd3 Rxd3 37. Kxd3 a5 38. Kd4 Kf6 39. c5 e5+ 40. Kd5 bxc5 41. Kxc5 Ke6 42. Kb5 f5 43. Kxa5 g5 44. Kb6 f4 45. gxf4 gxf4 46. a5 e4 47. a6 e3 48. fxe3 f3 49. a7 f2 50. a8=Q f1=Q 51. Qe4+ Kd7 52. Qxh7+ Ke8 53. Qe4+ Kd8 54. Qd5+ Ke7 55. Qc5+ Kd8 56. Qd6+ Ke8 57. Qb8+ Ke7 58. Qc7+ Ke8 59. Qc8+ Ke7 60. Qc5+ Kd8 61. Qd4+ Ke7 62. e4 Qh3 63. Qc5+ Ke8 64. Qe5+ Kd8 65. Qd6+ Ke8 66. Qg6+ Kd8 67. Qd6+ Ke8 68. b4 Qe3+ 69. Qc5 Qd2 70. h4 Qd8+ 71. Ka7 Qxh4 72. Qc8+ Kf7 73. Qf5+ Ke8 74. Qb5+ Kf8 75. e5 Qh3 76. Qb8+ Ke7 77. Qd6+ Ke8 78. e6 Qa3+ 79. Kb7 Qa7+ 80. Kc6 Qb6+ 81. Kd5 Qd4+ 82. Kxd4 1/2-1/2

[Event "CYCC U14"]
[Site "Sault Ste Marie CAN"]
[Date "2017.07.10"]
[Round "7.37"]
[White "Wang, Kaixin"]
[Black "Washimkar, Arhant"]
[Result "1/2-1/2"]
[WhiteElo "1957"]
[BlackElo "1922"]
[WhiteFideId "-1"]
[WhiteFideId "-1"]
[PlyCount "37"]
[GameId "2160767908410593"]
[EventDate "2017.07.06"]
[EventType "swiss"]
[EventRounds "7"]
[EventCountry "CAN"]
[SourceTitle "hb 2017"]

1. e4 c5 2. c3 Nf6 3. e5 Nd5 4. d4 cxd4 5. Nf3 Nc6 6. Bc4 Nb6 7. Bb3 d6 8. exd6 Qxd6 9. cxd4 Be6 10. Be3 Nc4 11. Qc2 Nxe3 12. fxe3 Rc8 13. Bxe6 Qxe6 14. Qd2 Qg6 15. O-O e6 16. Nc3 Bb4 17. a3 Bxc3 18. Qxc3 O-O 19. Rac1 1/2-1/2

[Event "CYCC U14"]
[Site "Sault Ste Marie CAN"]
[Date "2017.07.10"]
[Round "7.38"]
[White "Yang, Brian"]
[Black "Dornieden, Jonas"]
[Result "1/2-1/2"]
[WhiteElo "1194"]
[BlackElo "1729"]
[WhiteFideId "-1"]
[WhiteFideId "-1"]
[PlyCount "100"]
[GameId "2160767908410594"]
[EventDate "2017.07.06"]
[EventType "swiss"]
[EventRounds "7"]
[EventCountry "CAN"]
[SourceTitle "EXT 2022"]
[Source "ChessBase"]
[SourceDate "2021.10.06"]
[SourceVersion "1"]
[SourceVersionDate "2021.10.06"]
[SourceQuality "1"]

1. e4 e5 2. Nf3 Nc6 3. Bc4 Nf6 4. d3 d6 5. c3 Bg4 6. O-O Be7 7. Re1 O-O 8. Nbd2 Re8 9. h3 Bh5 10. Nf1 Bf8 11. Bg5 h6 12. Be3 d5 13. exd5 Nxd5 14. Ng3 Bg6 15. a3 Nxe3 16. Rxe3 Bc5 17. Re2 a6 18. b4 Ba7 19. b5 axb5 20. Bxb5 Qd5 21. a4 Re7 22. Nh4 Qe6 23. Bc4 Qf6 24. Nxg6 Qxg6 25. Kh1 Bxf2 26. Rxf2 Qxg3 27. Qf3 Qxf3 28. Rxf3 Kf8 29. Bd5 f6 30. Bxc6 bxc6 31. c4 e4 32. Re3 f5 33. dxe4 Re5 34. Rf3 Rxe4 35. Rxf5+ Ke7 36. Rf3 Ra5 37. Rc3 Rd4 38. Kg1 Rf4 39. Kh2 Kf6 40. g4 Kg5 41. Kg3 Rf6 42. h4+ Kg6 43. Rf3 h5 44. gxh5+ Kxh5 45. Rxf6 gxf6 46. Kf4 Kg6 47. Ra3 Kf7 48. Ra1 Ke6 49. Kg4 Kf7 50. Kf4 Kg6 1/2-1/2

[Event "CYCC U14"]
[Site "Sault Ste Marie CAN"]
[Date "2017.07.10"]
[Round "7.40"]
[White "Yang, Brett"]
[Black "Makarczyk, David"]
[Result "0-1"]
[WhiteElo "1247"]
[BlackElo "1414"]
[WhiteFideId "-1"]
[WhiteFideId "-1"]
[PlyCount "58"]
[GameId "2160767908410595"]
[EventDate "2017.07.06"]
[EventType "swiss"]
[EventRounds "7"]
[EventCountry "CAN"]
[SourceTitle "hb 2017"]

1. e4 c5 2. Nf3 Nc6 3. d4 cxd4 4. Nxd4 e5 5. Nb5 d6 6. Bc4 Nf6 7. N1c3 a6 8. Na3 b5 9. Bd5 Bd7 10. Ne2 Rc8 11. Bg5 Be7 12. Ng3 Nxd5 13. exd5 Bxg5 14. dxc6 Rxc6 15. c3 O-O 16. Ne4 Be7 17. O-O Be6 18. Re1 f6 19. Qd2 d5 20. Ng3 Bxa3 21. bxa3 Qa5 22. Qb2 Qxc3 23. Qxc3 Rxc3 24. Re3 Rfc8 25. Ree1 Rxa3 26. f4 e4 27. Ne2 Rc4 28. Rac1 Rxa2 29. Rxc4 bxc4 0-1

[Event "CYCC U14"]
[Site "Sault Ste Marie CAN"]
[Date "2017.07.10"]
[Round "7.41"]
[White "Xu, William1"]
[Black "Renard, Christopher"]
[Result "1-0"]
[WhiteElo "1283"]
[BlackElo "908"]
[WhiteFideId "-1"]
[WhiteFideId "-1"]
[PlyCount "65"]
[GameId "2160767908410596"]
[EventDate "2017.07.06"]
[EventType "swiss"]
[EventRounds "7"]
[EventCountry "CAN"]
[SourceTitle "EXT 2022"]
[Source "ChessBase"]
[SourceDate "2021.10.06"]
[SourceVersion "1"]
[SourceVersionDate "2021.10.06"]
[SourceQuality "1"]

1. e4 e5 2. Nf3 Nc6 3. Bc4 Bc5 4. d3 d6 5. Ng5 Nh6 6. O-O O-O 7. Kh1 Qe7 8. Nc3 Be6 9. Nxe6 fxe6 10. Bxh6 gxh6 11. Qg4+ Kh8 12. f4 Rg8 13. Qxe6 Qg7 14. g3 exf4 15. Rxf4 Rae8 16. Qh3 Rgf8 17. Raf1 Ne5 18. Bd5 c6 19. Bb3 b5 20. Rf5 Ng6 21. Ne2 a5 22. Bf7 Re7 23. Bxg6 hxg6 24. Rxf8+ Kh7 25. g4 g5 26. Ng3 d5 27. Nh5 Qd4 28. Qf3 Qe5 29. Rf7+ Rxf7 30. Qxf7+ Kh8 31. Rf6 Bf8 32. Qxf8+ Kh7 33. Qg7# 1-0

[Event "CYCC U14"]
[Site "Sault Ste Marie CAN"]
[Date "2017.07.10"]
[Round "7.42"]
[White "Cyrenne, Cole"]
[Black "Cloutier, Simon"]
[Result "1/2-1/2"]
[WhiteElo "993"]
[BlackElo "1163"]
[WhiteFideId "-1"]
[WhiteFideId "-1"]
[PlyCount "26"]
[GameId "2160767908410597"]
[EventDate "2017.07.06"]
[EventType "swiss"]
[EventRounds "7"]
[EventCountry "CAN"]
[SourceTitle "hb 2017"]

1. d4 Nf6 2. c4 e6 3. Nc3 Bb4 4. Bd2 O-O 5. Nf3 d5 6. e3 Nc6 7. cxd5 exd5 8. Bd3 Bg4 9. a3 Bd6 10. Qb3 Bxf3 11. gxf3 Ne7 12. e4 dxe4 13. fxe4 c5 1/2-1/2

[Event "CYCC U14"]
[Site "Sault Ste Marie CAN"]
[Date "2017.07.10"]
[Round "7.44"]
[White "Huang, Jingran"]
[Black "Laird, Alexander"]
[Result "1-0"]
[WhiteElo "1015"]
[BlackElo "1101"]
[WhiteFideId "-1"]
[WhiteFideId "-1"]
[PlyCount "73"]
[GameId "2160767908410599"]
[EventDate "2017.07.06"]
[EventType "swiss"]
[EventRounds "7"]
[EventCountry "CAN"]
[SourceTitle "EXT 2022"]
[Source "ChessBase"]
[SourceDate "2021.10.06"]
[SourceVersion "1"]
[SourceVersionDate "2021.10.06"]
[SourceQuality "1"]

1. e4 e6 2. d4 d5 3. exd5 Qxd5 4. Nc3 Qd8 5. Nf3 Bd6 6. Be3 Nf6 7. Bd3 Nc6 8. O-O b6 9. Bb5 Bb7 10. Ne5 Bxe5 11. dxe5 Nd7 12. Qg4 g6 13. Rad1 Qe7 14. f4 O-O-O 15. Rfe1 a6 16. Bd3 h5 17. Qe2 h4 18. h3 f5 19. Bxa6 Ncb8 20. Bxb7+ Kxb7 21. Nb5 Qb4 22. b3 c6 23. Nd6+ Kc7 24. Nf7 Rhf8 25. Nxd8 Rxd8 26. Qc4 Qa5 27. Qxe6 Nc5 28. Qe7+ Rd7 29. Rxd7+ Nbxd7 30. Qd6+ Kb7 31. Bf2 Qxa2 32. e6 Nf6 33. Qe7+ Nfd7 34. exd7 Nxd7 35. Qxd7+ Ka6 36. Qd8 Qxc2 37. Qxb6# 1-0

[Event "CYCC U14"]
[Site "Sault Ste Marie CAN"]
[Date "2017.07.10"]
[Round "7.45"]
[White "Shinn, Jungmin"]
[Black "Eirew, Milo"]
[Result "1-0"]
[WhiteElo "1079"]
[BlackElo "996"]
[WhiteFideId "-1"]
[WhiteFideId "-1"]
[PlyCount "159"]
[GameId "2160767908410601"]
[EventDate "2017.07.06"]
[EventType "swiss"]
[EventRounds "7"]
[EventCountry "CAN"]
[SourceTitle "EXT 2022"]
[Source "ChessBase"]
[SourceDate "2021.10.06"]
[SourceVersion "1"]
[SourceVersionDate "2021.10.06"]
[SourceQuality "1"]

1. e4 e6 2. d3 d6 3. Nd2 Nd7 4. Ngf3 Ne7 5. g3 b6 6. Bg2 Bb7 7. O-O g6 8. Re1 Bg7 9. c3 a5 10. a4 Ba6 11. Nf1 O-O 12. d4 c5 13. Bg5 Rb8 14. Qd2 Re8 15. h4 b5 16. axb5 Bxb5 17. Be3 Qb6 18. dxc5 Nxc5 19. b4 Bxf1 20. bxc5 dxc5 21. Bxf1 Red8 22. Qc2 Qc7 23. Red1 c4 24. Nd2 h5 25. Nxc4 Rxd1 26. Rxd1 Rb3 27. Qxb3 Qc6 28. Qb6 Qxe4 29. Qd8+ Bf8 30. Bh6 Nf5 31. Bxf8 Nxh4 32. Be7+ Kh7 33. Bxh4 g5 34. Bd3 Qxd3 35. Rxd3 gxh4 36. Qg5 h3 37. Kh2 f6 38. Qxf6 e5 39. Qxe5 h4 40. gxh4 Kg6 41. Kxh3 Kf7 42. Qd6 a4 43. Na3 Kg7 44. Rd4 Kh7 45. Qg3 Kh6 46. Rxa4 Kh7 47. c4 Kh8 48. Ra8+ Kh7 49. Rg8 Kh6 50. c5 Kh7 51. c6 Kh6 52. c7 Kh7 53. Rh8+ Kxh8 54. c8=B Kh7 55. f4 Kh6 56. f5 Kh7 57. f6 Kh8 58. f7 Kh7 59. f8=B Kh8 60. Qg8+ Kxg8 61. Bc5 Kh7 62. h5 Kh6 63. Kg3 Kg5 64. Be3+ Kxh5 65. Bb7 Kg6 66. Be4+ Kf6 67. Bf4 Ke6 68. Nc4 Kf6 69. Kg4 Ke6 70. Kg5 Kf7 71. Bf5 Ke7 72. Na5 Kf7 73. Be5 Ke7 74. Nc6+ Kf7 75. Bd7 Kf8 76. Kg6 Kg8 77. Bd6 Kh8 78. Nd8 Kg8 79. Be6+ Kh8 80. Be5# 1-0

[Event "CYCC U14"]
[Site "Sault Ste Marie CAN"]
[Date "2017.07.10"]
[Round "7.47"]
[White "Patel, Ayush"]
[Black "Ketterer, Quentin"]
[Result "1-0"]
[WhiteElo "1135"]
[BlackElo "818"]
[WhiteFideId "-1"]
[WhiteFideId "-1"]
[PlyCount "47"]
[GameId "2160767908410603"]
[EventDate "2017.07.06"]
[EventType "swiss"]
[EventRounds "7"]
[EventCountry "CAN"]
[SourceTitle "EXT 2022"]
[Source "ChessBase"]
[SourceDate "2021.10.06"]
[SourceVersion "1"]
[SourceVersionDate "2021.10.06"]
[SourceQuality "1"]

1. e4 Nf6 2. Nc3 e5 3. Bc4 Nc6 4. Nf3 Bc5 5. O-O O-O 6. d3 h6 7. Nd5 Nxd5 8. exd5 Nd4 9. Be3 c6 10. Nxe5 d6 11. Nf3 Bg4 12. c3 Bxf3 13. gxf3 Qf6 14. Bxd4 Bxd4 15. cxd4 Qxd4 16. Re1 cxd5 17. Bb3 Rfe8 18. Rc1 b5 19. a4 a6 20. Rxe8+ Rxe8 21. Rc6 bxa4 22. Bxa4 Qxb2 23. Rc2 Qa3 24. Bxe8 1-0

[Event "CYCC U14 w"]
[Site "Sault Ste Marie CAN"]
[Date "2017.07.06"]
[Round "1.50"]
[White "Liu, Gloria"]
[Black "Wang, Isabelle"]
[Result "0-1"]
[WhiteElo "934"]
[BlackElo "1341"]
[WhiteFideId "-1"]
[WhiteFideId "-1"]
[PlyCount "66"]
[GameId "2160767908410606"]
[EventDate "2017.07.06"]
[EventType "tourn"]
[EventRounds "7"]
[EventCountry "CAN"]
[SourceTitle "hb 2017"]

1. e4 e5 2. Nf3 Nc6 3. Bc4 Bc5 4. O-O d6 5. d3 h6 6. Nc3 Nf6 7. a3 a6 8. b4 Ba7 9. Be3 Bg4 10. h3 Bh5 11. b5 axb5 12. Nxb5 O-O 13. Rb1 Qc8 14. Nc3 Nd4 15. Bxd4 Bxd4 16. Nd5 Nxd5 17. Bxd5 c6 18. Ba2 Rxa3 19. Bb3 Kh8 20. g4 Bg6 21. Nh4 b5 22. Kg2 Qd8 23. f4 Qxh4 24. fxe5 Bxe5 25. Rf3 h5 26. Qh1 Kg8 27. Rbf1 hxg4 28. hxg4 Qxg4+ 29. Kf2 Qg5 30. Re1 Bh5 31. Rh3 Bd4+ 32. Kf1 Qf4+ 33. Kg2 Qf2# 0-1